[Event "Stay Safe Play From Home 242"]
[Site "Emanuel Lasker Arena"]
[Date "2020.06.21"]
[Round "9"]
[White "Broken sword"]
[Black "Mepe_Nika"]
[Result "1-0"]
[WhiteElo "2400"]
[BlackElo "2363"]
[Annotator "TA"]
[PlyCount "137"]
[EventDate "2020.06.21"]
[EventType "swiss (blitz)"]

{[%evp 15,137,9,8,0,0,-8,11,0,0,-10,-14,-16,15,3,114,35,45,7,50,43,68,39,45,26,74,65,75,35,35,41,37,40,159,149,142,0,0,0,14,15,27,0,8,0,7,0,13,0,0,0,0,-3,0,-14,0,0,46,44,95,35,53,70,78,39,81,6,15,0,0,0,0,0,0,0,0,0,139,153,381,293,325,0,0,0,0,0,0,0,0,0,0,0,0,0,0,0,52,0,0,0,0,0,0,0,0,0,0,0,0,0,0,0,0,0,0,0,29994,29995,29995,29993,29994,29991,29993,29992]} 1. d4 d5 2. Nf3 Nf6 3. c4 c6 4. cxd5 cxd5 5. Nc3 Nc6 6. Bf4 a6 7. e3 Bg4 8. Be2 e6 9. Nd2 {D13: Slav Defence: Exchange variation without ...Bf5.} Bxe2 10. Qxe2 {[#]} Be7 $146 ({Predecessor:} 10... Bd6 11. Bxd6 Qxd6 {½-½ (11) Dumitrache,D (2495)-Moldovan,D (2400) Herculane 1996}) 11. Bg5 {The position is equal.} O-O 12. Bxf6 Bxf6 13. O-O e5 14. dxe5 Nxe5 (14... Bxe5 $11 15. Nf3 Bxc3 16. bxc3 Qe7) 15. Nb3 (15. Rad1 $1 $16) 15... Nc4 16. Rfd1 Nb6 (16... Bxc3 $5 17. bxc3 Qg5 $11) 17. Rac1 Rc8 18. Nd4 (18. Nxd5 $5 Nxd5 19. Rxc8 Qxc8 20. Rxd5 $14) 18... Re8 19. h3 Nc4 20. b3 Ne5 21. Na4 Ng6 {...Rxc1 is the strong threat.} 22. Qd2 Rxc1 23. Rxc1 Qd7 (23... Qe7 $14) 24. Nc5 $16 Qe7 {[#]} 25. Nd3 ({Better is} 25. Nf5 $1 $16 {[%cal Rf5e7]} Qe5 26. Nxb7) 25... Bxd4 $11 26. exd4 h6 27. Re1 Qd7 28. Re3 Rxe3 29. Qxe3 Qc6 30. Qd2 Kh7 31. Ne5 Qe6 32. Qd3 Kh8 33. Nf3 Kh7 34. h4 {aiming for h5.} f5 35. g3 Ne7 36. Ne5 Nc6 (36... Kg8 $14) 37. Qe3 (37. Nxc6 $16 bxc6 38. Qxa6) 37... Nxe5 38. dxe5 $14 {[%mdl 4096] Endgame KQ-KQ} Kg6 39. Qd4 Kf7 {[#]} 40. Kg2 (40. Qc3 $1 $16) 40... g5 41. hxg5 hxg5 42. f4 gxf4 43. gxf4 Qg6+ 44. Kf2 Qc6 45. Ke3 Ke6 (45... Qc1+ $11 46. Kf2 Qc2+ 47. Ke3 Qe4+ 48. Qxe4 dxe4) 46. Kd2 $16 b5 $2 (46... b6 $16) 47. Qc3 Qb6 {Threatening ...Qf2+.} 48. Qe3 $2 (48. Qc8+ $18 Ke7 49. Qxf5) 48... d4 $11 49. Qf3 Qa5+ 50. Kd1 Qxa2 51. Qc6+ Ke7 52. Qd6+ Ke8 53. Qxd4 Qxb3+ 54. Kd2 Qa2+ 55. Ke1 Qc4 (55... Qb1+ $11 56. Kd2 Qa2+ 57. Ke1 Qb1+ 58. Kd2 Qa2+) 56. Qd6 ({White should try} 56. Qxc4 $14 bxc4 57. Kd2) 56... Qe4+ 57. Kd1 Qxf4 58. Qe6+ Kf8 {Strongly threatening ...Qd4+.} 59. Qf6+ Kg8 60. e6 Qd6+ 61. Ke2 Qf8 62. Qg6+ Qg7 63. Qe8+ Qf8 64. Qd7 {e7 would kill now.} Qg7 65. e7 Qf8 $2 {[%mdl 8192]} (65... Qg4+ $11 66. Kd2 Qf4+ 67. Kd1 Qa4+ 68. Kd2 Qf4+ 69. Kd1 Qg4+ 70. Kd2 Qf4+) 66. exf8=Q+ {White mates.} Kxf8 67. Qxf5+ Kg8 68. Qe5 Kh7 69. Qd5 {Accuracy: White = 73%, Black = 66%.} 1-0

[Event "Stay Safe Play From Home 242"]
[Site "Emanuel Lasker Arena"]
[Date "2020.06.21"]
[Round "9"]
[White "SoulofWolf"]
[Black "Bardellosport"]
[Result "1-0"]
[WhiteElo "2123"]
[BlackElo "2048"]
[Annotator "TA"]
[PlyCount "87"]
[EventDate "2020.06.21"]
[EventType "swiss (blitz)"]

{[%evp 9,87,-10,0,0,0,0,0,0,0,-21,70,-38,-36,-68,-71,-76,-49,-55,0,0,58,-82,-87,-126,-127,-133,-143,-258,-127,-207,-212,-213,-173,-210,-155,-155,0,-131,-130,-147,106,106,120,112,106,21,134,118,129,128,125,116,589,583,714,708,695,666,708,704,1069,1060,1404,1395,5314,4659,5273,4535,29976,10136,29984,29984,29984,29985,29990,29987,29988,29987,29990,29991]} 1. d4 d6 2. Nf3 f5 3. Bg5 Nd7 4. h4 Ngf6 5. c4 g6 6. Nc3 {[#] A80: Dutch Defence: Unusual White second moves.} Bg7 $146 ({Predecessor:} 6... h6 7. Bf4 Bg7 8. d5 e5 9. dxe6 Nc5 10. e3 Bxe6 11. Nd4 Qe7 12. Be2 O-O 13. Nxe6 Qxe6 {0-1 (43) Waffenschmidt,J (2007)-Bomans,A (2262) Heusenstamm 2018}) 7. Qc2 O-O 8. e3 {The position is equal.} c6 9. Bd3 a5 ({Better is} 9... e5 $1 $11) 10. O-O (10. O-O-O $14) 10... e5 $1 $15 11. dxe5 dxe5 {And now ...e4 would win.} 12. Be2 Qe7 (12... h6 $5 {[%cal Rh6g5]} 13. Bxf6 Qxf6 $17) 13. Rad1 e4 (13... h6 $15 14. Bxf6 Qxf6) 14. Nd4 $11 Ne5 (14... Nc5 $11) 15. f4 (15. Na4 $14 {stays ahead.}) 15... exf3 $1 $17 16. Nxf3 Neg4 17. Qc1 h6 18. Bxf6 (18. Bf4 $17) 18... Qxf6 (18... Bxf6 $19 19. Rd3 f4) 19. g3 (19. c5 $17 {might work better.}) 19... Re8 20. Rd3 b6 21. b3 Bb7 22. Nh2 {[#]} h5 $2 (22... Qe5 $1 $17 {[%mdl 512]} 23. e4 Nxh2 24. Kxh2 Rad8 25. Rxd8 Rxd8) 23. Nxg4 (23. Bxg4 $1 $11 hxg4 {[#]} 24. Nxg4 $1 {[%mdl 512]}) 23... hxg4 24. Bxg4 c5 $2 {[%mdl 8192]} (24... Qe5 $17 {keeps the pressure on.} 25. Bh3 Qxg3+ 26. Bg2 Qxh4) 25. Bf3 $16 Bxf3 26. Rxf3 Qe6 27. Kf2 ({White should play} 27. Nd5 $16) 27... Rad8 (27... Bxc3 $1 $11 {remains equal.} 28. Qxc3 a4) 28. Nd5 Be5 29. Qd2 Rf8 30. Nf4 Bxf4 $4 {[%mdl 8192]} (30... Rxd3 $16 31. Qxd3 Bxf4 32. exf4 Qf6) 31. Rxd8 $18 Bc7 32. Rxf8+ Kxf8 33. Qd5 Qxd5 34. cxd5 {[%mdl 4096] Endgame KR-KB} Bd6 35. e4 Ke7 36. exf5 gxf5 37. Rxf5 b5 38. g4 c4 39. bxc4 bxc4 40. Ke3 {White mates.} Bc5+ 41. Kd2 Bf2 42. h5 Bh4 43. Kc3 Kd6 44. Kxc4 {Quite a comeback for White. Accuracy: White = 64%, Black = 37%.} 1-0

[Event "Stay Safe Play From Home 242"]
[Site "Emanuel Lasker Arena"]
[Date "2020.06.21"]
[Round "9"]
[White "Justwatch"]
[Black "Watchel"]
[Result "0-1"]
[WhiteElo "1814"]
[BlackElo "1523"]
[Annotator "NA RC"]
[PlyCount "44"]
[EventDate "2020.06.21"]
[EventType "swiss (blitz)"]

1. e4 {[%emt 0:00:03]} d5 {[%emt 0:00:01]} 2. exd5 {[%emt 0:00:01]} Qxd5 {[%emt 0:00:00]} 3. Nc3 {[%emt 0:00:00]} Qa5 {[%emt 0:00:01]} 4. d4 {[%emt 0:00:00]} c6 {[%emt 0:00:00]} 5. Bd2 {[%emt 0:00:00]} Bf5 {[%emt 0:00:01]} 6. Ne4 {[%emt 0:00:00]} Qc7 {[%emt 0:00:02]} 7. Ng3 {[%emt 0:00:01]} Bg6 {[%emt 0:00:01]} 8. Nf3 {[%emt 0:00:00]} e6 {[%emt 0:00:01]} 9. Bc4 {[%emt 0:00:01]} Nf6 {[%emt 0:00:01]} 10. Ne5 {[%emt 0:00:00]} Bd6 {[%emt 0:00:01]} 11. Bf4 {[%emt 0:00:01]} Nbd7 {[%emt 0:00:02]} 12. Nxg6 {[%emt 0:00:01]} hxg6 {[%emt 0:00:02]} 13. Bxd6 {[%emt 0:00:01]} Qxd6 {[%emt 0:00:00]} 14. Qd3 {[%emt 0:00:02]} Nb6 {[%emt 0:00:01]} 15. Bb3 {[%emt 0:00:01]} O-O-O {[%emt 0:00:03]} 16. O-O-O {[%emt 0:00:01]} Qf4+ {[%emt 0:00:03]} 17. Kb1 {[%emt 0:00:03]} Qxf2 {[%emt 0:00:01]} 18. Ne4 {[%emt 0:00:04]} Qxg2 {[%emt 0:00:02]} 19. Nxf6 {[%emt 0:00:01]} gxf6 {[%emt 0:00:00]} 20. Rdg1 {[%emt 0:00:05]} Rxh2 {[%emt 0:00:06]} 21. Rxg2 {[%emt 0:00:02]} Rxh1+ {[%emt 0:00:01]} 22. Qf1 {[%emt 0:00:02]} Rxf1# {[%emt 0:00:02] (Lag: Av=0.32s, max=0.4s)} 0-1

[Event "Stay Safe Play From Home 242"]
[Site "Emanuel Lasker Arena"]
[Date "2020.06.21"]
[Round "9"]
[White "Tvtower68"]
[Black "mehrdadahouran"]
[Result "0-1"]
[WhiteElo "1768"]
[BlackElo "1822"]
[Annotator "NA RC"]
[PlyCount "78"]
[EventDate "2020.06.21"]
[EventType "swiss (blitz)"]

1. e4 {[%emt 0:00:01]} c6 {[%emt 0:00:00]} 2. Nf3 {[%emt 0:00:01]} d5 {[%emt 0:00:00]} 3. e5 {[%emt 0:00:01]} Bf5 {[%emt 0:00:02]} 4. a3 {[%emt 0:00:00]} e6 {[%emt 0:00:01]} 5. Be2 {[%emt 0:00:01]} c5 {[%emt 0:00:03]} 6. b4 {[%emt 0:00:01]} b6 {[%emt 0:00:03]} 7. O-O {[%emt 0:00:01]} Nd7 {[%emt 0:00:01]} 8. b5 {[%emt 0:00:01]} Ne7 {[%emt 0:00:02]} 9. Bb2 {[%emt 0:00:01]} Nc8 {[%emt 0:00:04]} 10. c3 {[%emt 0:00:01]} Be7 {[%emt 0:00:01]} 11. d4 {[%emt 0:00:01]} a6 {[%emt 0:00:04]} 12. a4 {[%emt 0:00:03]} Qc7 {[%emt 0:00:01]} 13. h3 {[%emt 0:00:01]} h6 {[%emt 0:00:01]} 14. g4 {[%emt 0:00:01]} Bh7 {[%emt 0:00:01]} 15. Nbd2 {[%emt 0:00:04]} axb5 {[%emt 0:00:02]} 16. axb5 {[%emt 0:00:01]} Rxa1 {[%emt 0:00:01]} 17. Bxa1 {[%emt 0:00:01]} O-O {[%emt 0:00:01]} 18. Re1 {[%emt 0:00:01]} Na7 {[%emt 0:00:03]} 19. Nf1 {[%emt 0:00:01]} c4 {[%emt 0:00:00]} 20. Qa4 {[%emt 0:00:07]} Ra8 {[%emt 0:00:02]} 21. Qa2 {[%emt 0:00:03]} Qb7 {[%emt 0:00:03]} 22. Qb2 {[%emt 0:00:02]} Nc8 {[%emt 0:00:02]} 23. h4 {[%emt 0:00:02]} Qa7 {[%emt 0:00:01]} 24. g5 {[%emt 0:00:02]} hxg5 {[%emt 0:00:02]} 25. hxg5 {[%emt 0:00:01]} Qa3 {[%emt 0:00:01]} 26. Qxa3 {[%emt 0:00:02]} Rxa3 {[%emt 0:00:00]} 27. Ng3 {[%emt 0:00:02]} Na7 {[%emt 0:00:01]} 28. Nd2 {[%emt 0:00:05]} Nxb5 {[%emt 0:00:01]} 29. f4 {[%emt 0:00:02]} Nxc3 {[%emt 0:00:01]} 30. Bxc3 {[%emt 0:00:01]} Rxc3 {[%emt 0:00:00]} 31. Nb1 {[%emt 0:00:00]} Rc2 {[%emt 0:00:01]} 32. Na3 {[%emt 0:00:01]} Rxe2 {[%emt 0:00:01]} 33. Nxc4 {[%emt 0:00:00]} Bd3 {[%emt 0:00:01]} 34. Rxe2 {[%emt 0:00:02]} Bxe2 {[%emt 0:00:00]} 35. Nxe2 {[%emt 0:00:02]} dxc4 {[%emt 0:00:00]} 36. Nc3 {[%emt 0:00:00]} b5 {[%emt 0:00:00]} 37. Kf2 {[%emt 0:00:00]} b4 {[%emt 0:00:01]} 38. Na4 {[%emt 0:00:01]} b3 {[%emt 0:00:01]} 39. Ke2 {[%emt 0:00:01]} Ba3 {[%emt 0:00:00] Time (Lag: Av=0.68s, max=1.2s)} 0-1